Most Popular Songs in USA 3/21/2026 - Statistics

General Stats
  • This quiz has been taken 15 times
  • The average score is 8 of 15
Answer Stats
Rank Artist (Version) Answer Streams Radio Airplay Sales % Correct
5. Alex Warren Ordinary 14.7 Million 52.9 Million 3 Thousand
86%
7. HUNTR/X Golden 11.1 Million 47.7 Million 2 Thousand
79%
2. Olivia Dean Man I Need 15.4 Million 70.8 Million 2.5 Thousand
79%
6. PinkPantheress, Zara Larsson Stateside 18 Million 4.8 Million 0.9 Thousand
71%
10. Taylor Swift Opalite 9.3 Million 52.5 Million 2 Thousand
64%
8. Taylor Swift The Fate Of Ophelia 10.7 Million 48.3 Million 1.5 Thousand
64%
14. sombr Back to Friends 8 Million 49.1 Million 0.6 Thousand
57%
1. Ella Langley Choosin' Texas 22.6 Million 44.7 Million 5.5 Thousand
57%
3. Bruno Mars I Just Might 14 Million 76.4 Million 3.5 Thousand
50%
11. Olivia Dean So Easy (To Fall In Love) 12.9 Million 26.9 Million 1.5 Thousand
50%
4. Harry Styles American Girls 20.8 Million 2.6 Million 2 Thousand
43%
9. Harry Styles Aperture 12.7 Million 28.7 Million 1.5 Thousand
36%
13. Kehlani Folded 7.6 Million 55.5 Million 0.6 Thousand
36%
12. Bruno Mars Risk It All 15.1 Million 4.1 Million 3 Thousand
36%
15. Harry Styles Ready, Steady, Go! 13 Million 0.4 Million 0.5 Thousand
21%
No matching quizzes found
Score Distribution
Percent of People with Each Score
Percentile by Number Answered
Your Score History
You have not taken this quiz